Fußball WM 2014 - Statistiken

Allgemein
  • Dieses Quiz wurde 664 mal gespielt
  • Das Durchschnittsergebnis liegt bei 14 aus 16
Antwortstatistiken
Frage Antwort % Korrekt
Wer war Gastgeber der WM 2014 Brasilien
100%
Wer gewann die WM? Deutschland
100%
Wie hoch gewann Deutschland gegen Brasilien im Halbfinale? 7:1
99%
Wer schoss das 1:0 für Deutschland im WM-Finale? Mario Götze
98%
Wer war Deutscher Bundestrainer während der WM 2014 Jogi Löw
97%
Was war das Ergebnis im Finale, zwischen Deutschland und Argentinien? 1:0 für Deutschland
96%
Wer wurde Torhüter des Tuniers Manuel Neuer
95%
Wer wurde WM-Rekordtorschütze durch die WM 2014 Miroslav Klose
94%
Gegen wen gewann Deutschland mit 2:1 in der Verlängerung des Achtelfinales Algerien
90%
Gegen wen gewann Deutschland im Viertelfinale mit 1:0 Frankreich
89%
Wer schoss 3 Tore im Spiel Deutschland gegen Portugal? Thomas Müller
84%
Deutschland gewann wie gegen Portugal? 4:0
77%
Gegen welche Mannschaft gewann Deutschland in der Gruppenphase nicht? Ghana
75%
Wer gewann das Spiel um Platz 3? Niederlande
66%
Wer schoss das 1:0 gegen die USA beim 3. Gruppenspiel von Deuschland Thomas Müller
55%
Wer war Torschützenkönig der WM? James Rodriguez
48%
Keine übereinstimmenden Quizze gefunden
Verteilung der Resultate
Anzahl Personen mit jedem Resultat
Perzentil nach korrekt beantworteten Fragen
Ihre Resultats-Entwicklung
Sie haben dieses Quiz noch nicht gespielt